Statystyki dla autobusy szczecin linia 58 (przystanki)

Kliknij tutaj aby rozwiązać quiz!

Ogólne statystyki

  • Ten quiz został rozwiązany 15 razy
  • Średni wynik to 17 z 30

Statystyki odpowiedzi

HintOdpowiedź% Poprawnych
przystanek 1
(przystanek
początkowy)
plac rodła
100%
przystanek 30
(przystanek
końcowy)
gocław
80%
przystanek 2matejki
80%
przystanek 8hoża
70%
przystanek 7jana z czarnolasu
70%
przystanek 20kolonistów
70%
przystanek 6komuny paryskiej
70%
przystanek 18pokoju
70%
przystanek 4wilcza wiadukt
70%
przystanek 19nehringa
60%
przystanek 12robotnicza
60%
przystanek 3sczanieckiej
60%
przystanek 5staw brodowski
60%
przystanek 13zajezdnia golęcin
60%
przystanek 24bajeczna
50%
przystanek 27dąbrówki
50%
przystanek 17gocławska
50%
przystanek 15golęcino szpital
50%
przystanek 16grochowa
50%
przystanek 29nad odrą
50%
przystanek 23policka
50%
przystanek 11robotnicza 5
50%
przystanek 14strzałowska
50%
przystanek 22zagórskiego
50%
przystanek 10
(tylko w kierunku
gocław)
żelazna
50%
przystanek 21dojazdowa nż
40%
przystanek 28kościelna
40%
przystanek 25stołczyn kościół
40%
przystanek 26kościelna 12 nż
30%
przystanek 9
(tylko w kierunku
plac rodła)
zgorzelecka
30%

Rozkład punktacji

Percentyl według liczby udzielonych odpowiedzi

Procent ludzi z każdym wynikiem

Twoja historia wyników

Nie rozwiązałeś tego quizu